000 00331nam a2200145Ia 4500
008 230718s9999 xx 000 0 und d
041 _aEng.
082 _a546.24
_bJEN-B
100 _aJennings, Reg
245 0 _aBusiness Elites
260 _aPakistan
_bLondon and Now You
_c1994
300 _a159
650 _aLaw
999 _c26133
_d26133